| 000 | 00690cam5a220021700 4500 | ||
|---|---|---|---|
| 001 | zam00000025 | ||
| 008 | 951128c1987 xx eng u | ||
| 020 | _a0582002419 | ||
| 035 | _a(Sirsi) r17580 | ||
| 035 | _a(MACHINE)00087 | ||
| 100 | 1 |
_aOkpewho, Isidore. _6A2073.1 |
|
| 245 | 1 | 4 |
_aThe victims : _ba novel of polygamy in modern Africa. |
| 260 |
_aEssex : _bLongmans, _cc1987. |
||
| 700 |
_aIsidore Okpewho. _6A75681.1 |
||
| 949 |
_aPR/6065/.K6 _wlcc _i-13437 _p650 _tBOOK _lON-SHELF |
||
| 949 |
_aPR/6065/.K6 _wlcc _i-13438 _p650 _tBOOK _lON-SHELF |
||
| 004 | 17580 | ||
| 591 | _aSchool: S01. | ||
| 591 | _aSchool Dept: S01/01. | ||
| 900 |
_51987 _8PR/6065/.K6 _c2 _d12/21/93 _fFINNIDA _p650 |
||
| 999 |
_c162010 _d162010 |
||